Normal view
MARC view
Entry Topical Term
001 - CONTROL NUMBER
- control field: 22118
003 - CONTROL NUMBER IDENTIFIER
- control field: ARRUPE
005 - DATE AND TIME OF LATEST TRANSACTION
- control field: 20160209120959.0
008 - FIXED-LENGTH DATA ELEMENTS
- fixed length control field: 160209|| aca||aabn | a|a d
040 ## - CATALOGING SOURCE
- Original cataloging agency: ARRUPE
- Transcribing agency: ARRUPE
150 ## - HEADING--TOPICAL TERM
- Topical term or geographic name as entry element: Afrikaners.
670 ## - SOURCE DATA FOUND
- Source citation: Work cat.: (ARRUPE)0: Walker, Eric A. (Eric Anderson), 1886-1976. 9666, The great trek,, 1934.